Tri roky formovania štátnej služby v Slovenskej republike zborník z medzinárodnej konferencie, Bratislava 15. júna 2005

Bibliographic Details
Format: Book
Language:Slovak
PhysicalDescription:106 s. grafy, tab. 30 cm
Published: Bratislava Úrad pre štátnu službu 2005
ISBN:8096933116 (brož.)
Edition:1. vyd.
Subjects:

MARC

LEADER 00000nam a2200000 a 4500
001 vtls008419891
003 SK-MaSNL
005 20260301140847.0
008 220720s2005 xo dl f 100 0 slo
015 |a SNBA2006/01-00024 
020 |a 8096933116 (brož.) 
035 |a 115ad11a-d50b-4c15-a9c6-42037d724978 
035 |a urn:nbn:sk:snk-amjs0l 
035 |a urn:nbn:sk:snk:ar-00968n 
040 |a SNK  |b slo  |c SNK  |e AACR2 
041 0 |a slo 
043 |a e-xo--- 
044 |a xo  |c SK 
072 7 |a 342  |x Ústavné právo. Správne právo  |2 konspekt 
080 |a (437.6)  |2 1997 
080 |a (063)  |2 1997 
080 |a 342.98  |2 1997 
245 0 0 |a Tri roky formovania štátnej služby v Slovenskej republike  |b zborník z medzinárodnej konferencie, Bratislava 15. júna 2005 
250 |a 1. vyd. 
260 |a Bratislava  |b Úrad pre štátnu službu  |c 2005 
300 |a 106 s.  |b grafy, tab.  |c 30 cm 
506 |a 200 výtl. 
650 0 7 |a štátna služba  |2 SNKPH  |9 1541 
650 0 7 |a štátni zamestnanci  |2 SNKPH  |9 4516 
655 7 |a zborníky konferencií  |2 SNKPH  |9 70153 
655 7 |a issue_zb  |2 SNK  |9 276493 
919 |a 80-969331-1-6 
954 |a odborná, vedecká literatúra pôvodná (slovenská)  |2 lita 
958 |a ART 
958 |a OND 
968 |d 34 
999 |c 765255  |d 767185 
952 |a SNK  |b SNK  |y PREZ  |7 0  |p 17A0493456  |o snkSB 71474  |i snk2005/21449  |8 0  |0 0  |1 0  |4 0  |d 2005-12-21  |f 1  |l 0  |r 2025-04-23 00:00:00  |w 2026-02-24 
952 |a SNK  |b SNK  |y VYP  |7 0  |p 17A0493455  |o snkSB 71474 D1  |i snk2005/21450  |8 0  |0 0  |1 0  |4 0  |d 2005-12-21  |l 0  |r 2016-06-30 00:00:00  |w 2026-02-24